Normal view MARC view
  • Spence, Robert

Entry Personal Name

Number of records used in: 1

001 - CONTROL NUMBER

  • control field: 104386

003 - CONTROL NUMBER IDENTIFIER

  • control field: NUST

005 - DATE AND TIME OF LATEST TRANSACTION

  • control field: 20221207181400.0

008 - FIXED-LENGTH DATA ELEMENTS

  • fixed length control field: 221207|| aca||aabn | a|a d

040 ## - CATALOGING SOURCE

  • Original cataloging agency: NUST
  • Transcribing agency: NUST

100 ## - HEADING--PERSONAL NAME

  • Personal name: Spence, Robert

670 ## - SOURCE DATA FOUND

  • Source citation: Work cat.: (NUST)182378: Spence, Robert,, Tolerance design of electronic circuits /, c1988.
© 2023 Central Library, National University of Sciences and Technology. All Rights Reserved.